[Event "Memorijal Danilo - Dajo Batricevic"]
[Site "Cetinje"]
[Date "2009.08.10"]
[Round "2.27"]
[White "Batricevic, Bozo"]
[Black "Kraljevic, Ivan"]
[Result "0-1"]
[WhiteElo "1772"]
[BlackElo "2130"]
[PlyCount "86"]
[EventDate "2009.08.09"]
[EventRounds "9"]

1. e4 e6 2. d4 d5 3. e5 c5 4. Qg4 cxd4 5. Nf3 Nc6 6. Bd3 Qc7 7. Qg3 Nge7 8. O-O
Ng6 9. Re1 Bd7 10. h4 Nb4 11. h5 Ne7 12. Nxd4 Nxd3 13. Qxd3 a6 14. a4 Nc6 15.
Nxc6 Bxc6 16. c3 Be7 17. Nd2 g6 18. h6 Bg5 19. Nf3 Bxc1 20. Raxc1 Bxa4 21. Nd4
Qe7 22. Re3 Qg5 23. c4 Bc6 24. Nxc6 bxc6 25. cxd5 cxd5 26. Qa3 d4 27. Qa4+ Kf8
28. Qxd4 Qxh6 29. Rc7 Kg8 30. Qd7 Rf8 31. Rf3 Qg7 32. Rf6 h5 33. Rxe6 h4 34.
Rf6 h3 35. gxh3 Rh7 36. Rxa6 Qh6 37. e6 Qg5+ 38. Kf1 Rxh3 39. exf7+ Kg7 40.
Qd4+ Kh7 41. Ra4 Rh1+ 42. Ke2 Qh5+ 43. Kd2 Rd1+ 0-1

[Event "Memorijal Danilo - Dajo Batricevic"]
[Site "Cetinje"]
[Date "2009.08.10"]
[Round "2.28"]
[White "Durutovic, Dragutin"]
[Black "Sonfalean, Maria-Laura"]
[Result "1-0"]
[WhiteElo "2116"]
[BlackElo "1736"]
[PlyCount "57"]
[EventDate "2009.08.09"]
[EventRounds "9"]

1. e4 e5 2. Nf3 Nc6 3. Bb5 a6 4. Ba4 Nf6 5. O-O b5 6. Bb3 d6 7. Ng5 d5 8. exd5
Nxd5 9. Qf3 Be6 10. Nxe6 fxe6 11. Nc3 Nd4 12. Qh5+ g6 13. Qxe5 Qf6 14. Qe4 Nb6
15. Bd5 Rd8 16. Bc6+ Nd7 17. Nd5 Qg7 18. Nxc7+ Kf7 19. c3 Nc5 20. Qf4+ Nf5 21.
Ne8 Rxe8 22. Bxe8+ Kxe8 23. d4 Nd3 24. Qe4 Nxc1 25. Raxc1 Bd6 26. Qxe6+ Be7 27.
Rfe1 Rf8 28. Qxa6 Nd6 29. Qxd6 1-0

[Event "Memorijal Danilo - Dajo Batricevic"]
[Site "Cetinje"]
[Date "2009.08.10"]
[Round "2.29"]
[White "Lekic, Lazar"]
[Black "Jefic, Srdjan"]
[Result "0-1"]
[WhiteElo "1755"]
[BlackElo "2108"]
[PlyCount "47"]
[EventDate "2009.08.09"]
[EventRounds "9"]

1. e4 c6 2. d4 d5 3. Nc3 dxe4 4. Nxe4 Bf5 5. Ng3 Bg6 6. h4 h6 7. Nf3 Nd7 8. h5
Bh7 9. Bd3 Bxd3 10. Qxd3 e6 11. Bf4 Qa5+ 12. Bd2 Qc7 13. O-O-O Ngf6 14. Ne4
Nxe4 15. Qxe4 Nf6 16. Qe2 Bd6 17. c4 O-O-O 18. g3 c5 19. Bc3 cxd4 20. Nxd4 a6
21. Kb1 Rd7 22. Rc1 Rhd8 23. Nb3 Bc5 24. Nxc5 0-1

[Event "Memorijal Danilo - Dajo Batricevic"]
[Site "Cetinje"]
[Date "2009.08.10"]
[Round "2.30"]
[White "Draskovic, Luka"]
[Black "Djukanovic, Mitar"]
[Result "1-0"]
[WhiteElo "2079"]
[BlackElo "1657"]
[PlyCount "100"]
[EventDate "2009.08.09"]
[EventRounds "9"]

1. e4 c6 2. d4 d5 3. Nc3 dxe4 4. Nxe4 Bf5 5. Ng3 Bg6 6. Nf3 Nf6 7. Ne5 Nbd7 8.
Nxg6 hxg6 9. Bd3 e6 10. Be3 Bd6 11. c3 Nd5 12. Ne4 N7f6 13. Nxd6+ Qxd6 14. g3
Nxe3 15. fxe3 e5 16. Qd2 e4 17. Bc2 Qxg3+ 18. hxg3 Rxh1+ 19. Ke2 Rh2+ 20. Kd1
Rxd2+ 21. Kxd2 Ke7 22. Rh1 Rd8 23. b4 Rd5 24. Rh8 Rd8 25. Rh4 g5 26. Rh2 g6 27.
a4 Ng4 28. Rh7 Nf6 29. Rh1 Kf8 30. b5 cxb5 31. axb5 b6 32. Ra1 Rd7 33. c4 Ke7
34. Bb3 Kd6 35. Rf1 Ng4 36. Bd1 Nh2 37. Rf2 Nf3+ 38. Bxf3 exf3 39. Rxf3 f5 40.
Rf1 Rc7 41. Kd3 Rh7 42. Ra1 g4 43. Ra6 Rc7 44. c5+ Kd5 45. cxb6 axb6 46. Rxb6
Rg7 47. Rb8 g5 48. Rb6 Re7 49. Rf6 f4 50. e4+ Rxe4 1-0

[Event "Memorijal Danilo Dajo Batricevic"]
[Site "Cetinje"]
[Date "2009.08.11"]
[Round "3.1"]
[White "Blagojevic, Dragisa"]
[Black "Stojanovic, Dalibor"]
[Result "1-0"]
[WhiteElo "2545"]
[BlackElo "2471"]
[PlyCount "119"]
[EventDate "2009.08.09"]
[EventRounds "9"]

1. d4 d5 2. c4 c6 3. Nc3 Nf6 4. cxd5 cxd5 5. Bf4 Nc6 6. e3 a6 7. Bd3 Bg4 8. f3
Bh5 9. Nge2 e6 10. O-O Be7 11. Rc1 O-O 12. Na4 Bg6 13. Bxg6 hxg6 14. Qb3 Na5
15. Qb6 Nd7 16. Qxd8 Bxd8 17. Bd6 Re8 18. b3 Nc6 19. Nf4 Bg5 20. Rc2 f6 21. Kf2
Bxf4 22. Bxf4 e5 23. dxe5 fxe5 24. Bg3 e4 25. Rd1 Nf6 26. Nb6 Nb4 27. Rcd2 Ra7
28. Bh4 Nd3+ 29. Kg1 g5 30. Bxg5 Nh7 31. Bh4 g5 32. Bg3 Nf6 33. fxe4 dxe4 34.
Nc4 b5 35. Nd6 Re6 36. Nxe4 Nxe4 37. Rxd3 Nxg3 38. hxg3 Rae7 39. Rd5 Rxe3 40.
Rxg5+ Kh7 41. Rd6 Re1+ 42. Kh2 R1e6 43. Rgd5 Kg6 44. g4 Kf6 45. Kg3 Kg7 46.
Rxe6 Rxe6 47. Kf3 Rc6 48. Ke3 Rc3+ 49. Rd3 Rc2 50. Rd7+ Kg8 51. Rd2 Rc3+ 52.
Kd4 b4 53. Rf2 a5 54. Rf5 a4 55. bxa4 Ra3 56. a5 Rxa2 57. Kc4 Rxg2 58. Kxb4
Rxg4+ 59. Kb5 Rg1 60. a6 1-0

[Event "Memorijal Danilo Dajo Batricevic"]
[Site "Cetinje"]
[Date "2009.08.11"]
[Round "3.2"]
[White "Cebalo, Miso"]
[Black "Drasko, Milan"]
[Result "1-0"]
[WhiteElo "2476"]
[BlackElo "2527"]
[PlyCount "99"]
[EventDate "2009.08.09"]
[EventRounds "9"]

1. c4 e6 2. Nc3 Bb4 3. g3 Nf6 4. Bg2 d5 5. Nf3 O-O 6. O-O d4 7. Nb5 Nc6 8. d3
e5 9. Na3 Re8 10. Nc2 Bf8 11. Bg5 h6 12. Bxf6 Qxf6 13. a3 a5 14. Rb1 a4 15. Nd2
Bd7 16. b4 axb3 17. Nxb3 Nd8 18. e3 dxe3 19. fxe3 Qg6 20. Qd2 Bc6 21. Bd5 Bxd5
22. cxd5 c6 23. dxc6 Nxc6 24. e4 Bxa3 25. Nxa3 Rxa3 26. Nc5 Qd6 27. Qf2 Re7 28.
Rfc1 Qd4 29. Rb2 Qxf2+ 30. Kxf2 Nd4 31. Nxb7 Rxd3 32. Nd6 Re6 33. Rc8+ Kh7 34.
Nf5 g6 35. Nh4 Rf6+ 36. Kg2 g5 37. Rbb8 Rd2+ 38. Kh3 Rff2 39. Rh8+ Kg7 40.
Rbg8+ Kf6 41. Rxh6+ Ke7 42. Rxg5 Rxh2+ 43. Kg4 Ne6 44. Rxe5 Rde2 45. Nf5+ Kf8
46. Rf6 Ng7 47. Re7 Kg8 48. Nxg7 Kxg7 49. Rexf7+ Kg8 50. Kg5 1-0

[Event "Memorijal Danilo Dajo Batricevic"]
[Site "Cetinje"]
[Date "2009.08.11"]
[Round "3.3"]
[White "Bojkov, Dejan"]
[Black "Kalezic, Blazo"]
[Result "1/2-1/2"]
[WhiteElo "2521"]
[BlackElo "2445"]
[PlyCount "28"]
[EventDate "2009.08.09"]
[EventRounds "9"]

1. Nf3 d5 2. c4 c6 3. g3 Nf6 4. Bg2 e6 5. b3 Be7 6. Bb2 O-O 7. d3 a5 8. a3 Nbd7
9. O-O b5 10. Nc3 Qb6 11. cxb5 cxb5 12. Rc1 Ba6 13. e3 Rac8 14. Nd4 Nc5 1/2-1/2

[Event "Memorijal Danilo Dajo Batricevic"]
[Site "Cetinje"]
[Date "2009.08.11"]
[Round "3.4"]
[White "Bogut, Zeljko"]
[Black "Nikolov, Momchil"]
[Result "0-1"]
[WhiteElo "2451"]
[BlackElo "2517"]
[PlyCount "86"]
[EventDate "2009.08.09"]
[EventRounds "9"]

1. e4 c5 2. Nf3 e6 3. b3 b6 4. c4 Bb7 5. Nc3 Nf6 6. e5 Ng4 7. h3 Nh6 8. Bb2 Nc6
9. Bd3 Be7 10. O-O f6 11. exf6 Bxf6 12. Qb1 Nb4 13. Be4 Bxe4 14. Nxe4 Bxb2 15.
Qxb2 O-O 16. d4 Rxf3 17. gxf3 Qh4 18. Qd2 Qxh3 19. Ng5 Qh5 20. dxc5 Nf5 21. f4
h6 22. Ne4 Qf3 23. Kh2 Qxe4 24. f3 Qe3 25. Qxb4 Qxf4+ 26. Kg2 Ne3+ 27. Kf2 Rf8
28. Ke2 Nxf1 29. Rxf1 Qe5+ 30. Kd3 bxc5 31. Qc3 Qg3 32. Ke2 Rf5 33. Kd1 Qg2 34.
Qd3 Rf4 35. Qe2 Rd4+ 36. Ke1 Qg3+ 37. Rf2 h5 38. Kf1 Rh4 39. Qe3 Rh1+ 40. Ke2
Qd6 41. Qc3 Qd1+ 42. Ke3 Re1+ 43. Kf4 Qd6+ 0-1

[Event "Memorijal Danilo Dajo Batricevic"]
[Site "Cetinje"]
[Date "2009.08.11"]
[Round "3.5"]
[White "Djukic, Nikola"]
[Black "Ivanovic, Bozidar"]
[Result "1/2-1/2"]
[WhiteElo "2491"]
[BlackElo "2415"]
[PlyCount "90"]
[EventDate "2009.08.09"]
[EventRounds "9"]

1. Nf3 d5 2. c4 e6 3. g3 Nf6 4. Bg2 Be7 5. O-O O-O 6. d4 c6 7. b3 Nbd7 8. Bb2
b6 9. Qc2 Bb7 10. Nc3 c5 11. cxd5 Nxd5 12. Nxd5 Bxd5 13. e4 Bb7 14. d5 exd5 15.
exd5 Bf6 16. Rad1 Re8 17. Nd2 Bxb2 18. Qxb2 b5 19. Ne4 Qb6 20. b4 Rad8 21. bxc5
Nxc5 22. Nxc5 Qxc5 23. Rc1 Qb6 24. Rfd1 h6 25. Rb1 a6 26. a4 Bc8 27. axb5 Bg4
28. Re1 axb5 29. Qb4 Bf5 30. Rbc1 Rxe1+ 31. Rxe1 Bd3 32. Rd1 Bf5 33. d6 Be6 34.
Bf1 Bd7 35. Bc4 Qc6 36. Bd5 Qc2 37. Re1 Qf5 38. Qd4 Re8 39. Re7 Rxe7 40. dxe7
Be8 41. Be4 Qd7 42. Qc5 g6 43. Bd5 b4 44. Kg2 b3 45. Bxb3 Qc6+ 1/2-1/2

[Event "Memorijal Danilo Dajo Batricevic"]
[Site "Cetinje"]
[Date "2009.08.11"]
[Round "3.6"]
[White "Dumpor, Atif"]
[Black "Rajkovic, Dusan"]
[Result "1-0"]
[WhiteElo "2404"]
[BlackElo "2477"]
[PlyCount "63"]
[EventDate "2009.08.09"]
[EventRounds "9"]

1. Nf3 Nf6 2. c4 c5 3. g3 b6 4. Bg2 Bb7 5. O-O e6 6. Nc3 Be7 7. d4 cxd4 8. Nxd4
Bxg2 9. Kxg2 a6 10. Bg5 O-O 11. Qd3 h6 12. Bxf6 Bxf6 13. Ne4 Be7 14. Rfd1 Ra7
15. b3 d5 16. cxd5 Qxd5 17. Nf3 Qa5 18. Qc2 Ba3 19. Rd4 b5 20. Rad1 Rc7 21. Qb1
Be7 22. g4 Qb6 23. g5 hxg5 24. Nexg5 g6 25. h4 Qc6 26. R1d2 Rd7 27. Rc2 Qb7 28.
Rf4 Bxg5 29. hxg5 Rd5 30. e4 Rd3 31. Qh1 Rxf3 32. Rh4 1-0

[Event "Memorijal Danilo Dajo Batricevic"]
[Site "Cetinje"]
[Date "2009.08.11"]
[Round "3.7"]
[White "Krivokapic, Marko"]
[Black "Iotov, Valentin"]
[Result "0-1"]
[WhiteElo "2416"]
[BlackElo "2603"]
[PlyCount "54"]
[EventDate "2009.08.09"]
[EventRounds "9"]

1. e4 e6 2. d4 d5 3. Nc3 Bb4 4. exd5 exd5 5. Nf3 Nc6 6. Be2 Nge7 7. O-O Be6 8.
Na4 b6 9. b3 O-O 10. a3 Bd6 11. c4 dxc4 12. bxc4 Na5 13. Ng5 Bf5 14. Be3 Ng6
15. g3 Re8 16. Nf3 Bg4 17. c5 Bf8 18. d5 bxc5 19. Rc1 c4 20. Rc3 Be7 21. Qd2
Qd7 22. Nb2 Bf6 23. Rxc4 Nxc4 24. Nxc4 Qf5 25. Nd4 Bxd4 26. Bxg4 Qxg4 27. Qxd4
Re4 0-1

[Event "Memorijal Danilo Dajo Batricevic"]
[Site "Cetinje"]
[Date "2009.08.11"]
[Round "3.9"]
[White "Vujacic, Borivoje"]
[Black "Miladinovic, Igor"]
[Result "1/2-1/2"]
[WhiteElo "2315"]
[BlackElo "2570"]
[PlyCount "58"]
[EventDate "2009.08.09"]
[EventRounds "9"]

1. e4 c5 2. Nf3 Nc6 3. Bb5 e6 4. Bxc6 bxc6 5. d3 Ne7 6. Qe2 Qc7 7. e5 Ng6 8.
Nc3 f6 9. exf6 gxf6 10. h4 d5 11. h5 Ne7 12. g4 h6 13. Nh4 Rg8 14. Bd2 e5 15.
f3 f5 16. gxf5 Nxf5 17. Nxf5 Bxf5 18. O-O-O O-O-O 19. Rhg1 Rxg1 20. Rxg1 Re8
21. f4 d4 22. Ne4 c4 23. dxc4 Qf7 24. Re1 Re6 25. Qf3 Bh7 26. Qh3 Bf5 27. Qf3
Bh7 28. Qh3 Bf5 29. Qf3 Bh7 1/2-1/2

[Event "Memorijal Danilo Dajo Batricevic"]
[Site "Cetinje"]
[Date "2009.08.11"]
[Round "3.10"]
[White "Nikac, Predrag"]
[Black "Kosic, Dragan"]
[Result "1/2-1/2"]
[WhiteElo "2361"]
[BlackElo "2488"]
[PlyCount "45"]
[EventDate "2009.08.09"]
[EventRounds "9"]

1. e4 e6 2. d4 d5 3. Nc3 Nf6 4. Bg5 dxe4 5. Nxe4 Be7 6. Nxf6+ Bxf6 7. Bxf6 Qxf6
8. Nf3 O-O 9. Qd2 c5 10. O-O-O Rd8 11. Qe3 Nc6 12. d5 exd5 13. Rxd5 Be6 14.
Rxc5 Bxa2 15. Bd3 Bd5 16. Re1 g6 17. Be4 Bxe4 18. Qxe4 Rd6 19. Qh4 Qxh4 20.
Nxh4 Rad8 21. Nf3 Kg7 22. b3 R8d7 23. Rc4 1/2-1/2

[Event "Memorijal Danilo Dajo Batricevic"]
[Site "Cetinje"]
[Date "2009.08.11"]
[Round "3.11"]
[White "Miron, Lucian-Costin"]
[Black "Nikcevic, Nebojsa"]
[Result "1-0"]
[WhiteElo "2479"]
[BlackElo "2381"]
[PlyCount "85"]
[EventDate "2009.08.09"]
[EventRounds "9"]

1. d4 e6 2. c4 Bb4+ 3. Nc3 c5 4. a3 Bxc3+ 5. bxc3 Qa5 6. Bd2 Nf6 7. f3 d6 8. e4
e5 9. Bd3 O-O 10. Ne2 Ne8 11. O-O Nc6 12. f4 Qc7 13. d5 Na5 14. f5 f6 15. Ng3
b6 16. Ra2 Ba6 17. Qe2 Qd7 18. a4 g5 19. fxg6 hxg6 20. h4 Qh7 21. h5 g5 22. Nf5
Bc8 23. Ne3 Rb8 24. Rf2 Rb7 25. g4 Qd7 26. Rg2 Qd8 27. Nf1 Rh7 28. Be3 Bd7 29.
Nd2 Kh8 30. Qd1 Qc8 31. Be2 Rff7 32. Qc2 Rf8 33. Ra1 Kg8 34. Kh2 Ng7 35. Kg3
Qe8 36. Rf2 Qc8 37. Raf1 Ne8 38. Bxg5 Kh8 39. Bxf6+ Nxf6 40. Rxf6 Rg8 41. Qd1
Rxh5 42. Rh1 Kg7 43. Qf1 1-0

[Event "Memorijal Danilo Dajo Batricevic"]
[Site "Cetinje"]
[Date "2009.08.11"]
[Round "3.12"]
[White "Budimir, Boris"]
[Black "Vukcevic, Nemanja"]
[Result "1/2-1/2"]
[WhiteElo "2352"]
[BlackElo "1996"]
[PlyCount "66"]
[EventDate "2009.08.09"]
[EventRounds "9"]

1. e4 c5 2. Nf3 d6 3. d4 cxd4 4. Nxd4 Nf6 5. Nc3 a6 6. f4 e5 7. Nf3 Nc6 8. Bd3
Be7 9. O-O O-O 10. Kh1 Qc7 11. a3 exf4 12. Bxf4 Ne5 13. Be2 Be6 14. Nd4 Rad8
15. Qe1 Qb6 16. Be3 Qc7 17. Qg3 Kh8 18. Nf5 Bxf5 19. exf5 Rfe8 20. Bf4 Qc6 21.
Rad1 Ne4 22. Nxe4 Qxe4 23. Bxe5 dxe5 24. Bd3 Qh4 25. Qf3 Bf6 26. Rde1 e4 27.
Rxe4 Rxe4 28. Qxe4 Qxe4 29. Bxe4 Bxb2 30. Bxb7 a5 31. a4 Rd4 32. Re1 g6 33.
fxg6 fxg6 1/2-1/2

[Event "Memorijal Danilo Dajo Batricevic"]
[Site "Cetinje"]
[Date "2009.08.11"]
[Round "3.13"]
[White "Galic, Ivan"]
[Black "Jokic, Miodrag"]
[Result "1-0"]
[WhiteElo "2349"]
[BlackElo "2138"]
[PlyCount "93"]
[EventDate "2009.08.09"]
[EventRounds "9"]

1. e4 d6 2. d4 Nf6 3. Nc3 g6 4. Bg5 h6 5. Bxf6 exf6 6. Bd3 Bg7 7. Nge2 c6 8.
Qd2 O-O 9. O-O b5 10. f4 a6 11. a4 b4 12. Nd1 c5 13. f5 g5 14. c3 Nc6 15. Bc4
Rb8 16. Bd5 Ne7 17. c4 Nxd5 18. exd5 Re8 19. b3 cxd4 20. Nxd4 Qb6 21. Qf2 Bd7
22. Nc2 Qxf2+ 23. Rxf2 Re5 24. g4 a5 25. Nb2 Rbe8 26. Nd3 Re4 27. h3 Bf8 28.
Re1 h5 29. Rg2 hxg4 30. hxg4 Rxe1+ 31. Ncxe1 Be7 32. Re2 Kf8 33. Nc2 Rc8 34.
Kg2 Bd8 35. Nf2 Be7 36. Ne1 Be8 37. Nf3 Bd7 38. Nd2 Be8 39. Nde4 Bd7 40. Kf1
Be8 41. Ke1 Bd7 42. Kd2 Be8 43. Kd3 Bd7 44. Re1 Be8 45. Nh1 Bd7 46. Nhg3 Re8
47. Nh5 1-0

[Event "Memorijal Danilo Dajo Batricevic"]
[Site "Cetinje"]
[Date "2009.08.11"]
[Round "3.14"]
[White "Kraljevic, Ivan"]
[Black "Dabetic, Radojica"]
[Result "0-1"]
[WhiteElo "2130"]
[BlackElo "2340"]
[PlyCount "92"]
[EventDate "2009.08.09"]
[EventRounds "9"]

1. d4 d5 2. c4 e6 3. Nc3 c5 4. e3 Nf6 5. Nf3 Nc6 6. Be2 cxd4 7. exd4 dxc4 8.
Bxc4 Be7 9. O-O O-O 10. Bf4 b6 11. a3 Bb7 12. Qd3 Rc8 13. Rad1 Na5 14. Ba2 Nd5
15. Bd2 Bf6 16. Ne4 g6 17. Nxf6+ Qxf6 18. Ne5 Nf4 19. Ng4 Qg5 20. Bxf4 Qxf4 21.
f3 Rfd8 22. g3 Qg5 23. h4 Qe7 24. Rf2 h5 25. Ne5 Bd5 26. Bxd5 Rxd5 27. b4 Nb7
28. Re2 Kg7 29. Rde1 Rc7 30. Qb3 Qf6 31. Re4 Nd6 32. Rf4 Qd8 33. Kh2 Nf5 34.
Rd1 Nxd4 35. Qb1 Nxf3+ 36. Rxf3 Rxd1 37. Rxf7+ Kh8 38. Rf8+ Qxf8 39. Qxd1 Qf2+
40. Kh1 Kg7 41. Qa1 Kh7 42. Qd1 Qxg3 43. Nf3 Kg7 44. Qa1+ e5 45. Nxe5 Qxh4+ 46.
Kg2 Rc2+ 0-1

[Event "Memorijal Danilo Dajo Batricevic"]
[Site "Cetinje"]
[Date "2009.08.11"]
[Round "3.15"]
[White "Paulet, Iozefina"]
[Black "Durutovic, Dragutin"]
[Result "1-0"]
[WhiteElo "2327"]
[BlackElo "2116"]
[PlyCount "63"]
[EventDate "2009.08.09"]
[EventRounds "9"]

1. e4 e5 2. Nf3 Nc6 3. Bb5 a6 4. Ba4 Nf6 5. O-O b5 6. Bb3 d6 7. c3 Be7 8. Re1
O-O 9. d3 Na5 10. Bc2 c5 11. Nbd2 b4 12. Nf1 Rb8 13. Ne3 Qc7 14. h3 Nc6 15. Nh2
Nd8 16. Nhg4 Nxg4 17. hxg4 Be6 18. Nf5 g6 19. Bh6 Re8 20. Ng7 Bd7 21. Nxe8 Bxe8
22. Bb3 Bd7 23. Be3 Ne6 24. g3 g5 25. Kg2 Kg7 26. Rh1 a5 27. Rh5 h6 28. Qh1 Rh8
29. Qh2 Bf8 30. Bxe6 Bxe6 31. Bxg5 Bxg4 32. Rxh6 1-0

[Event "Memorijal Danilo Dajo Batricevic"]
[Site "Cetinje"]
[Date "2009.08.11"]
[Round "3.16"]
[White "Jefic, Srdjan"]
[Black "Mijovic, Stefan"]
[Result "0-1"]
[WhiteElo "2108"]
[BlackElo "2325"]
[PlyCount "122"]
[EventDate "2009.08.09"]
[EventRounds "9"]

1. e4 c5 2. Nc3 e6 3. f4 d5 4. d3 Nc6 5. Nf3 dxe4 6. Nxe4 Nf6 7. Nxf6+ Qxf6 8.
g3 Nd4 9. Bg2 Nxf3+ 10. Qxf3 Bd6 11. O-O O-O 12. Rb1 Rb8 13. Bd2 b5 14. Bc3 Qg6
15. b3 Bb7 16. Qe2 Bxg2 17. Kxg2 Rbc8 18. Rbd1 Rfe8 19. Bb2 Be7 20. c4 a6 21.
Rd2 Bf6 22. Bxf6 Qxf6 23. Qe5 Red8 24. Rfd1 Rd4 25. Kf3 Qe7 26. Kf2 Qd7 27. Qh5
Qd6 28. Qf3 g6 29. Qe3 Rd8 30. Qe5 Qe7 31. Qe3 h5 32. h4 Qf6 33. Kf3 Qf5 34.
Kf2 b4 35. Qf3 Kg7 36. Qe3 a5 37. Qf3 R8d6 38. Qe3 a4 39. Qf3 axb3 40. axb3 Rd7
41. Qe3 f6 42. Qf3 e5 43. fxe5 fxe5 44. Ke3 Qe6 45. Qg2 Qd6 46. Qf2 Rf7 47. Qg2
Re7 48. Ke2 Rd7 49. Ke3 Rg4 50. Ke2 Qd4 51. Qf2 Qd6 52. Qg2 Re7 53. Rf1 e4 54.
Qf2 exd3+ 55. Kd1 Rd7 56. Kc1 Rxg3 57. Kb1 Rg4 58. Rfd1 Rd4 59. Qf3 Qf6 60. Qe3
Ra7 61. Re1 Re4 0-1

[Event "Memorijal Danilo Dajo Batricevic"]
[Site "Cetinje"]
[Date "2009.08.11"]
[Round "3.17"]
[White "Pobor, Nebojsa"]
[Black "Vulevic, Vjekoslav"]
[Result "1-0"]
[WhiteElo "2069"]
[BlackElo "2315"]
[PlyCount "89"]
[EventDate "2009.08.09"]
[EventRounds "9"]

1. d4 Nf6 2. Nf3 c5 3. d5 g6 4. c4 Bg7 5. Nc3 O-O 6. e4 d6 7. Be2 b5 8. cxb5 a6
9. bxa6 Bxa6 10. O-O Nbd7 11. Rb1 Qa5 12. Bd2 Rfb8 13. Bxa6 Qxa6 14. b3 Ng4 15.
Qc2 Nge5 16. Nxe5 Nxe5 17. a4 e6 18. Nb5 Rc8 19. f4 Nd7 20. dxe6 fxe6 21. f5 d5
22. fxe6 Qxe6 23. exd5 Qxd5 24. Bf4 c4 25. Rbd1 Qc5+ 26. Kh1 Nb6 27. Nd6 Rf8
28. bxc4 Nxa4 29. Qe4 Nc3 30. Qe6+ Kh8 31. Rde1 Rf6 32. Qe7 Kg8 33. Bg3 Qa7 34.
Nc8 Qxe7 35. Nxe7+ Kf7 36. Nd5 Rxf1+ 37. Rxf1+ Kg8 38. Ne7+ Kh8 39. c5 Ne4 40.
c6 Nxg3+ 41. hxg3 Be5 42. Rc1 Bc7 43. Nd5 Ra7 44. Kh2 Kg7 45. Rb1 1-0

[Event "Memorijal Danilo Dajo Batricevic"]
[Site "Cetinje"]
[Date "2009.08.11"]
[Round "3.18"]
[White "Draganic, Veljko"]
[Black "Draskovic, Luka"]
[Result "1/2-1/2"]
[WhiteElo "2278"]
[BlackElo "2079"]
[PlyCount "31"]
[EventDate "2009.08.09"]
[EventRounds "9"]

1. Nf3 Nf6 2. g3 d5 3. Bg2 e6 4. O-O Be7 5. b3 O-O 6. Bb2 b6 7. d3 Bb7 8. Qe1
c5 9. Nbd2 Nc6 10. a3 Qc7 11. e4 dxe4 12. Nxe4 Nxe4 13. dxe4 e5 14. c3 Ba6 15.
c4 Rad8 16. Qe2 1/2-1/2

[Event "Memorijal Danilo Dajo Batricevic"]
[Site "Cetinje"]
[Date "2009.08.11"]
[Round "3.19"]
[White "Mrvaljevic, Veselin"]
[Black "Brajovic, Radovan"]
[Result "0-1"]
[WhiteElo "2031"]
[BlackElo "2245"]
[PlyCount "72"]
[EventDate "2009.08.09"]
[EventRounds "9"]

1. e4 c5 2. Nf3 e6 3. d4 cxd4 4. Nxd4 a6 5. Nc3 Qc7 6. Be2 b5 7. a3 Bb7 8. O-O
Nf6 9. Bf3 Nc6 10. Nxc6 dxc6 11. Qe2 Bd6 12. g3 h5 13. h4 O-O-O 14. Bg5 Be5 15.
Bg2 Rd7 16. Rfd1 c5 17. Rxd7 Nxd7 18. Bh3 Bxc3 19. bxc3 Qe5 20. Bg2 Qxc3 21.
Rd1 Ne5 22. Qe3 Qxe3 23. Bxe3 Nd7 24. c4 Kc7 25. Rc1 b4 26. axb4 cxb4 27. Rb1
a5 28. Ra1 Ra8 29. Bd2 Nc5 30. Bf4+ Kc8 31. e5 Bxg2 32. Kxg2 Kb7 33. Be3 Kc6
34. Bf4 Nd3 35. Bd2 Kc5 36. f4 Kxc4 0-1

[Event "Memorijal Danilo Dajo Batricevic"]
[Site "Cetinje"]
[Date "2009.08.11"]
[Round "3.20"]
[White "Padurariu, Ioana-Smaranda"]
[Black "Ashiku, Franc"]
[Result "1-0"]
[WhiteElo "2238"]
[BlackElo "2041"]
[PlyCount "115"]
[EventDate "2009.08.09"]
[EventRounds "9"]

1. e4 c5 2. Nc3 Nc6 3. Bb5 Nd4 4. Bc4 g6 5. Nf3 Bg7 6. Nxd4 cxd4 7. Qf3 Nh6 8.
Ne2 O-O 9. d3 Ng4 10. Bb3 d6 11. Qg3 a5 12. a4 Nf6 13. h4 Nh5 14. Qf3 Qd7 15.
Bg5 e5 16. Ng3 Nxg3 17. Qxg3 h6 18. Bd2 Kh7 19. Bd5 Qe7 20. h5 g5 21. O-O Be6
22. Bxe6 Qxe6 23. f3 d5 24. Qg4 f5 25. exf5 Rxf5 26. Rfe1 Qf7 27. c3 dxc3 28.
bxc3 Qd7 29. Rab1 Rf7 30. Qxd7 Rxd7 31. Rb5 Kg8 32. Reb1 Ra7 33. Be3 d4 34. Bf2
Kf8 35. c4 Kf7 36. Be1 Ke6 37. Rxa5 Rxa5 38. Bxa5 Kf5 39. g4+ Ke6 40. Rb6+ Kf7
41. Bb4 Bf6 42. Rd6 Rxd6 43. Bxd6 Ke6 44. Bb4 Be7 45. Ba5 Bc5 46. Kf2 Kd7 47.
Ke2 b6 48. Bd2 Kc6 49. Kd1 Bf8 50. Kc2 Kd7 51. a5 bxa5 52. Bxa5 Kc6 53. Kb3 Bg7
54. Bb4 Kb6 55. Ka4 Kc6 56. Ka5 Kb7 57. Kb5 Kc7 58. Bc5 1-0

[Event "Memorijal Danilo Dajo Batricevic"]
[Site "Cetinje"]
[Date "2009.08.11"]
[Round "3.21"]
[White "Pecurica, Milos"]
[Black "Vucinic, Pero"]
[Result "1/2-1/2"]
[WhiteElo "2010"]
[BlackElo "2226"]
[PlyCount "45"]
[EventDate "2009.08.09"]
[EventRounds "9"]

1. d4 Nf6 2. c4 e6 3. Nc3 d5 4. cxd5 exd5 5. Bg5 Be7 6. Qc2 O-O 7. e3 Nbd7 8.
Bd3 h6 9. Bh4 c5 10. Nge2 b6 11. f3 Bb7 12. O-O-O cxd4 13. Nxd4 Ne8 14. Bxe7
Qxe7 15. Rhe1 Nd6 16. Nf5 Nxf5 17. Bxf5 Nf6 18. Kb1 a6 19. e4 dxe4 20. Nxe4
Bxe4 21. Bxe4 Nxe4 22. Rxe4 Qf6 23. Red4 1/2-1/2

[Event "Memorijal Danilo Dajo Batricevic"]
[Site "Cetinje"]
[Date "2009.08.11"]
[Round "3.22"]
[White "Bukvic, Mihailo"]
[Black "Fugulyan, Grigore"]
[Result "1-0"]
[WhiteElo "2223"]
[BlackElo "2022"]
[PlyCount "57"]
[EventDate "2009.08.09"]
[EventRounds "9"]

1. e4 e5 2. Nf3 Nc6 3. d4 exd4 4. Nxd4 Nf6 5. Nxc6 bxc6 6. Bd3 Bc5 7. O-O d6 8.
Bg5 Qe7 9. Nc3 Qe5 10. Qd2 Bb4 11. Bf4 Bxc3 12. bxc3 Qa5 13. e5 Nd5 14. exd6
Be6 15. c4 Qxd2 16. Bxd2 Nb6 17. c5 Nd7 18. Be3 cxd6 19. cxd6 Ne5 20. Ba6 Rb8
21. f4 Nc4 22. Bc5 Kd7 23. Rfe1 Rb2 24. f5 Bd5 25. Re7+ Kd8 26. Bxc4 Bxc4 27.
Rxa7 Re8 28. Bd4 Rxc2 29. Bb6+ 1-0

[Event "Memorijal Danilo Dajo Batricevic"]
[Site "Cetinje"]
[Date "2009.08.11"]
[Round "3.24"]
[White "Potpara, Nikola"]
[Black "Bajkovic, Nikola"]
[Result "0-1"]
[WhiteElo "1838"]
[BlackElo "2143"]
[PlyCount "120"]
[EventDate "2009.08.09"]
[EventRounds "9"]

1. d4 d5 2. c4 e6 3. Nc3 Nf6 4. Bg5 Nbd7 5. e3 c6 6. Nf3 Be7 7. Qc2 O-O 8. Rd1
dxc4 9. Bxc4 Nd5 10. Bxe7 Qxe7 11. O-O h6 12. a3 b6 13. e4 Nf4 14. e5 f5 15.
exf6 Qxf6 16. Rfe1 Bb7 17. Qe4 Rae8 18. g3 Nd5 19. Rd3 Kh8 20. Bxd5 cxd5 21.
Qe2 Ba6 22. Red1 Bxd3 23. Rxd3 Rc8 24. Re3 Rf7 25. Kg2 Rcf8 26. h3 Nb8 27. Qd1
Nc6 28. b3 g5 29. Ne2 Qe7 30. Qc2 Na5 31. Qg6 Rf6 32. Qh5 Qf7 33. Qg4 Nb7 34.
h4 gxh4 35. Qxh4 Nd6 36. g4 Qg7 37. Ng3 Qg6 38. g5 Nf5 39. Nxf5 Rxf5 40. Qxh6+
Qxh6 41. gxh6 R8f6 42. b4 a6 43. Rc3 b5 44. Re3 Kh7 45. Rc3 Kxh6 46. Re3 Rf4
47. Rd3 Kh5 48. Re3 Re4 49. Rxe4 dxe4 50. Ne5 Kg5 51. Nd7 Rf3 52. Nc5 Rxa3 53.
Nxe6+ Kf5 54. Nc5 Ra2 55. Kg3 Rd2 56. d5 Rxd5 57. Nxa6 Rd3+ 58. Kg2 Rb3 59. Kh2
Ke5 60. Kg2 Kd6 0-1

[Event "Memorijal Danilo Dajo Batricevic"]
[Site "Cetinje"]
[Date "2009.08.11"]
[Round "3.25"]
[White "Kontic, Djordjije"]
[Black "Jovancevic, Jovan"]
[Result "1-0"]
[WhiteElo "2364"]
[BlackElo "1887"]
[PlyCount "63"]
[EventDate "2009.08.09"]
[EventRounds "9"]

1. e4 c5 2. Nc3 d6 3. Nf3 Nf6 4. Bc4 Nc6 5. d4 cxd4 6. Nxd4 Qb6 7. Ndb5 a6 8.
Be3 Qa5 9. Nd4 Ne5 10. Bd3 b5 11. O-O Bb7 12. Qe1 b4 13. Nb3 Qc7 14. Na4 Bxe4
15. Bxe4 Nxe4 16. Qxb4 Nf6 17. Nb6 Rb8 18. Qa4+ Ned7 19. Nxd7 Qxd7 20. Qxa6 g6
21. Rad1 Qb5 22. Qxb5+ Rxb5 23. c4 Rb8 24. c5 dxc5 25. Bxc5 Nd7 26. Bd4 e5 27.
Rfe1 Bg7 28. f4 f6 29. Bc3 Rb7 30. fxe5 Nxe5 31. Nc5 Re7 32. Ne4 1-0